[Event "32nd Cappelle Open 2016"]
[Site "Cappelle la Grande FRA"]
[Date "2016.02.16"]
[Round "5.2"]
[White "Dragun, Kamil"]
[Black "Lu, Shanglei"]
[Result "1/2-1/2"]
[WhiteElo "2584"]
[BlackElo "2617"]
[PlyCount "53"]
[EventDate "2016.02.13"]
[EventType "swiss"]

1. e4 c5 2. Nf3 d6 3. d4 cxd4 4. Nxd4 Nf6 5. Nc3 a6 6. g3 e6 7. Bg2 Be7 8. O-O
Qc7 9. Be3 Nc6 10. a4 O-O 11. Nxc6 bxc6 12. a5 Bb7 13. Bb6 Qc8 14. Bd4 Qc7 15.
Bb6 Qc8 16. b4 d5 17. Rb1 c5 18. Bxc5 Bxc5 19. bxc5 Nxe4 20. Nxe4 dxe4 21. Rb6
Bd5 22. Qd4 Ra7 23. c4 Ba8 24. Rfb1 Rc7 25. Qd6 Bb7 26. Qf4 h6 27. h4 1/2-1/2

[Event "32nd Cappelle Open 2016"]
[Site "Cappelle la Grande FRA"]
[Date "2016.02.16"]
[Round "5.3"]
[White "Feller, Sebastien"]
[Black "Perez Ponsa, Federico"]
[Result "1/2-1/2"]
[WhiteElo "2610"]
[BlackElo "2586"]
[PlyCount "52"]
[EventDate "2016.02.13"]
[EventType "swiss"]

1. d4 Nf6 2. c4 e6 3. Nf3 d5 4. g3 Be7 5. Bg2 O-O 6. O-O dxc4 7. Qa4 a6 8. Qxc4
b5 9. Qc2 Bb7 10. Bg5 Nbd7 11. Bxf6 Nxf6 12. Nbd2 Rc8 13. Nb3 Be4 14. Qc3 Nd5
15. Qc6 Qd6 16. Rfc1 Qxc6 17. Rxc6 Nf4 18. Rxa6 Nxe2+ 19. Kf1 Bd3 20. Ne5 Nxg3+
21. Ke1 Bb4+ 22. Nd2 Be4 23. f3 f6 24. hxg3 fxe5 25. fxe4 Bxd2+ 26. Ke2 Rcd8
1/2-1/2

[Event "32nd Cappelle Open 2016"]
[Site "Cappelle la Grande FRA"]
[Date "2016.02.16"]
[Round "5.4"]
[White "Lalith Babu, M R."]
[Black "Neiksans, Arturs"]
[Result "1/2-1/2"]
[WhiteElo "2554"]
[BlackElo "2607"]
[PlyCount "67"]
[EventDate "2016.02.13"]
[EventType "swiss"]

1. d4 Nf6 2. c4 e6 3. Nf3 b6 4. g3 Bb7 5. Bg2 Be7 6. O-O O-O 7. Nc3 Ne4 8. Qc2
Nxc3 9. Qxc3 f5 10. Rd1 Bf6 11. Ne5 Bxg2 12. Kxg2 Nc6 13. Nxc6 dxc6 14. Bf4 c5
15. Qe3 Qe8 16. Be5 Qc6+ 17. Qf3 Qxf3+ 18. Kxf3 Bxe5 19. dxe5 Rad8 20. Ke3 Kf7
21. f4 Ke7 22. b3 Rg8 23. Kf3 g6 24. e3 h6 25. Ke2 Rxd1 26. Rxd1 g5 27. Kf3 Rd8
28. Rxd8 g4+ 29. Ke2 Kxd8 30. e4 Kd7 31. Kd3 c6 32. Kc3 a5 33. exf5 exf5 34. a4
1/2-1/2

[Event "32nd Cappelle Open 2016"]
[Site "Cappelle la Grande FRA"]
[Date "2016.02.16"]
[Round "5.5"]
[White "Kamsky, Gata"]
[Black "Gopal, G.N."]
[Result "1-0"]
[WhiteElo "2667"]
[BlackElo "2522"]
[PlyCount "103"]
[EventDate "2016.02.13"]
[EventType "swiss"]

1. d4 Nf6 2. Bf4 g6 3. Nf3 Bg7 4. c3 d6 5. h3 O-O 6. e3 b6 7. Be2 Bb7 8. a4 a6
9. O-O c5 10. Nbd2 Nbd7 11. Bh2 Ne4 12. Nxe4 Bxe4 13. Qb3 Nf6 14. Rfd1 h6 15.
Qa3 Qc7 16. Nd2 Bc6 17. a5 Qb7 18. axb6 cxd4 19. exd4 Bxg2 20. Bxa6 Qc6 21. Qa4
Rab8 22. Qxc6 Bxc6 23. Nc4 Nd7 24. d5 Ba8 25. Nxd6 exd6 26. Bxd6 Nxb6 27. c4
Bxb2 28. Rab1 Na4 29. Bxb8 Rxb8 30. Rd2 Kf8 31. Re2 h5 32. Bb5 Nc3 33. Rexb2
Nxb1 34. Rxb1 Ke7 35. Kg2 Kd6 36. Kf3 Kc5 37. Kf4 f6 38. Rd1 Rb6 39. h4 Bb7 40.
Be8 Rb4 41. Rc1 Bxd5 42. Bxg6 Kb6 43. Rb1 Rxb1 44. Bxb1 Bg8 45. Bg6 Kc5 46. Kf5
Bxc4 47. Bxh5 Kd4 48. Kxf6 Ke4 49. Bg6+ Kf3 50. h5 Kxf2 51. h6 Bg8 52. Kg7 1-0

[Event "32nd Cappelle Open 2016"]
[Site "Cappelle la Grande FRA"]
[Date "2016.02.16"]
[Round "5.6"]
[White "Wan, Yunguo"]
[Black "Berkes, Ferenc"]
[Result "1/2-1/2"]
[WhiteElo "2485"]
[BlackElo "2649"]
[PlyCount "99"]
[EventDate "2016.02.13"]
[EventType "swiss"]

1. e4 c5 2. Nf3 Nc6 3. Bb5 g6 4. Bxc6 dxc6 5. d3 Bg7 6. h3 b6 7. Nc3 Nh6 8. Be3
f6 9. O-O e5 10. a3 a5 11. b4 axb4 12. axb4 Rxa1 13. Qxa1 cxb4 14. Qa7 O-O 15.
Na4 b5 16. Nc5 Nf7 17. Bd2 Re8 18. Bxb4 Bf8 19. Ra1 Bd6 20. Ba5 Qe7 21. Qxe7
Bxe7 22. Bb6 Nd8 23. Ra8 Bxc5 24. Bxc5 Nb7 25. Ba3 Kf7 26. d4 exd4 27. Nxd4 b4
28. Bb2 c5 29. Nb5 c4 30. Bd4 b3 31. cxb3 cxb3 32. f3 Rd8 33. Ra6 Be6 34. Ra7
Bc8 35. Ra6 Be6 36. Kh2 Rd7 37. Kg3 g5 38. h4 h5 39. f4 Nc5 40. Bxc5 b2 41. Rb6
b1=Q 42. Nd6+ Rxd6 43. Rxb1 Rd3+ 44. Kh2 gxf4 45. Rf1 Rc3 46. Bd6 Kg6 47. Rxf4
f5 48. e5 Rc4 49. Rxc4 Bxc4 50. g3 1/2-1/2

[Event "32nd Cappelle Open 2016"]
[Site "Cappelle la Grande FRA"]
[Date "2016.02.16"]
[Round "5.7"]
[White "Kravtsiv, Martyn"]
[Black "Molina, Roberto Junio Brito"]
[Result "1-0"]
[WhiteElo "2636"]
[BlackElo "2445"]
[PlyCount "125"]
[EventDate "2016.02.13"]
[EventType "swiss"]

1. e4 c5 2. Nf3 e6 3. g3 Nc6 4. Bg2 Nf6 5. Qe2 Be7 6. e5 Nd5 7. O-O d6 8. exd6
Qxd6 9. Nc3 O-O 10. Rd1 Qd8 11. d4 Nxc3 12. bxc3 Qc7 13. dxc5 Bxc5 14. Bf4 Qe7
15. Rab1 Rd8 16. Rxd8+ Nxd8 17. Ng5 f6 18. Ne4 Ba3 19. c4 Bd7 20. Be3 Bc6 21.
Qd3 Bb4 22. c5 Ba5 23. Nd6 Bxg2 24. Kxg2 Qd7 25. Qe4 Rb8 26. Rb3 Nc6 27. f3 Bd8
28. Bf4 e5 29. Be3 h6 30. Rd3 Qe6 31. Qg6 Ne7 32. Qe8+ Kh7 33. Ne4 Bc7 34. Qd7
Qxd7 35. Rxd7 Bd8 36. Nd6 b6 37. c6 Nxc6 38. Nf5 Kh8 39. Rxg7 Ne7 40. Rxe7 Bxe7
41. Nxe7 Rb7 42. Nd5 Kg7 43. c4 Rd7 44. a4 Rd8 45. Bc1 Rc8 46. Ne3 Kg6 47. Kf2
f5 48. Bb2 Rc5 49. Bc3 h5 50. f4 exf4 51. gxf4 Rc8 52. Ke2 Rd8 53. h4 Rd7 54.
a5 Rd8 55. a6 Rd7 56. Be5 Rd8 57. Nd5 Kf7 58. Ne3 Rg8 59. Nxf5 Rg2+ 60. Kd3 Ra2
61. Nd6+ Ke7 62. f5 Rxa6 63. f6+ 1-0

[Event "32nd Cappelle Open 2016"]
[Site "Cappelle la Grande FRA"]
[Date "2016.02.16"]
[Round "5.9"]
[White "Abergel, Thal"]
[Black "Iturrizaga Bonelli, Eduardo"]
[Result "0-1"]
[WhiteElo "2436"]
[BlackElo "2624"]
[PlyCount "114"]
[EventDate "2016.02.13"]
[EventType "swiss"]

1. e4 c5 2. Nf3 Nc6 3. Bb5 g6 4. Bxc6 bxc6 5. O-O Bg7 6. Re1 Nh6 7. Nc3 O-O 8.
b3 e5 9. d3 d6 10. h3 f5 11. Bg5 Qc7 12. Nh2 Nf7 13. Bd2 Be6 14. a3 a5 15. Ne2
d5 16. exf5 Bxf5 17. Ng3 Nd6 18. Nxf5 gxf5 19. Bc3 e4 20. Bxg7 Qxg7 21. dxe4
Nxe4 22. f3 Nc3 23. Qd2 a4 24. Kh1 axb3 25. cxb3 Rfe8 26. Rxe8+ Rxe8 27. Re1
Ne2 28. Ng4 Ng3+ 29. Kh2 Re2 30. Qa5 fxg4 31. Qd8+ Qf8 32. Qg5+ Kf7 33. Qf4+
Ke7 34. Qxg3 gxf3 35. Rxe2+ fxe2 36. Qe5+ Kd7 37. Qxe2 Qb8+ 38. g3 Qxb3 39. Qe5
Qa2+ 40. Kg1 Qxa3 41. Qg7+ Kc8 42. Qh8+ Kb7 43. Qxh7+ Kb6 44. Qg8 Qe3+ 45. Kf1
c4 46. Qb8+ Ka5 47. Qa8+ Kb4 48. Qxc6 Qf3+ 49. Ke1 Qxg3+ 50. Ke2 Qg2+ 51. Ke1
Qe4+ 52. Kd2 Qd3+ 53. Ke1 Qe3+ 54. Kd1 Qf3+ 55. Ke1 Kc3 56. Qc5 Qe4+ 57. Kf1
Kd3 0-1

[Event "32nd Cappelle Open 2016"]
[Site "Cappelle la Grande FRA"]
[Date "2016.02.16"]
[Round "5.10"]
[White "Vovk, Yuri"]
[Black "Esipenko, Andrey"]
[Result "1/2-1/2"]
[WhiteElo "2620"]
[BlackElo "2429"]
[PlyCount "39"]
[EventDate "2016.02.13"]
[EventType "swiss"]

1. e4 e5 2. Nf3 Nc6 3. Bc4 Bc5 4. d3 Nf6 5. O-O d6 6. c3 O-O 7. a4 a6 8. a5 h6
9. Nbd2 Ba7 10. Re1 Ne7 11. Nf1 Ng6 12. Ng3 c6 13. Be3 Bxe3 14. fxe3 d5 15. Bb3
Qc7 16. Qc2 Be6 17. c4 dxe4 18. dxe4 c5 19. Ne2 Ne7 20. Qc3 1/2-1/2

[Event "32nd Cappelle Open 2016"]
[Site "Cappelle la Grande FRA"]
[Date "2016.02.16"]
[Round "5.11"]
[White "Gupta, Abhijeet"]
[Black "Sochacki, Christophe"]
[Result "1-0"]
[WhiteElo "2613"]
[BlackElo "2419"]
[PlyCount "45"]
[EventDate "2016.02.13"]
[EventType "swiss"]

1. d4 Nf6 2. c4 b6 3. Nc3 Bb7 4. Qc2 d5 5. Nf3 e6 6. cxd5 exd5 7. Bg5 Be7 8. e3
O-O 9. Bd3 h6 10. Bh4 c5 11. O-O Nc6 12. a3 c4 13. Bf5 a6 14. Rad1 b5 15. Ne5
Ne8 16. Bg3 b4 17. axb4 Nxb4 18. Qe2 Nd6 19. Bb1 a5 20. Qh5 a4 21. Ng4 Ra6 22.
Be5 Bc8 23. Nxh6+ 1-0

[Event "32nd Cappelle Open 2016"]
[Site "Cappelle la Grande FRA"]
[Date "2016.02.16"]
[Round "5.12"]
[White "Grinberg, Eyal"]
[Black "Krasenkow, Michal"]
[Result "0-1"]
[WhiteElo "2418"]
[BlackElo "2612"]
[PlyCount "80"]
[EventDate "2016.02.13"]
[EventType "swiss"]

1. e4 e5 2. Nf3 Nc6 3. Bb5 Nf6 4. d3 d6 5. c3 g6 6. O-O Bg7 7. Re1 O-O 8. Nbd2
Nh5 9. Nf1 Kh8 10. h3 Ne7 11. d4 c6 12. Ba4 Qc7 13. Be3 b6 14. Bb3 Bb7 15. Ng5
Ng8 16. Qf3 Nhf6 17. h4 h6 18. Nh3 Bc8 19. Nh2 Bxh3 20. Qxh3 Nxe4 21. dxe5 dxe5
22. Bxh6 Nxh6 23. Rxe4 f5 24. Re2 e4 25. f3 Rae8 26. Rae1 Qf4 27. fxe4 fxe4 28.
Bc2 Nf5 29. Rf1 Ng3 30. Rxf4 Nxe2+ 31. Kh1 Nxf4 32. Qe3 Nd5 33. Qg5 Nf4 34. h5
Re5 35. Qh4 Rxh5 36. Qg4 e3 37. Kg1 e2 38. Nf3 Nh3+ 39. gxh3 Rxf3 40. Qc8+ Rf8
0-1

[Event "32nd Cappelle Open 2016"]
[Site "Cappelle la Grande FRA"]
[Date "2016.02.17"]
[Round "6.1"]
[White "Bauer, Christian"]
[Black "Kravtsiv, Martyn"]
[Result "1/2-1/2"]
[WhiteElo "2631"]
[BlackElo "2636"]
[PlyCount "62"]
[EventDate "2016.02.13"]
[EventType "swiss"]

1. b3 e5 2. Bb2 Nc6 3. e3 Nf6 4. c4 d5 5. cxd5 Nxd5 6. a3 Bd6 7. Qc2 O-O 8. Nf3
Qe7 9. d3 f5 10. Nbd2 Bd7 11. Be2 a5 12. O-O Kh8 13. Rfd1 f4 14. e4 Nf6 15. h3
Be8 16. Rdc1 Bh5 17. Nc4 Nd7 18. Rab1 Bxf3 19. Bxf3 Bc5 20. Nxa5 Nxa5 21. b4
Bd6 22. bxa5 Rxa5 23. d4 exd4 24. Bxd4 b6 25. a4 Ne5 26. Rb5 Rfa8 27. Bxe5 Bxe5
28. Qc6 Rxa4 29. Rxb6 cxb6 30. Qxa4 Rd8 31. Rd1 Rxd1+ 1/2-1/2

[Event "32nd Cappelle Open 2016"]
[Site "Cappelle la Grande FRA"]
[Date "2016.02.17"]
[Round "6.2"]
[White "Djukic, Nikola"]
[Black "Kamsky, Gata"]
[Result "0-1"]
[WhiteElo "2565"]
[BlackElo "2667"]
[PlyCount "108"]
[EventDate "2016.02.13"]
[EventType "swiss"]

1. e4 e5 2. Nf3 Nc6 3. d4 exd4 4. Nxd4 Bc5 5. Be3 Qf6 6. c3 Nge7 7. Bc4 O-O 8.
O-O Bb6 9. Na3 Qg6 10. Nf5 d6 11. Bxb6 cxb6 12. Ng3 Bd7 13. f4 Rad8 14. Nc2 Qh6
15. Ne3 Be6 16. Bb3 Na5 17. Bd5 b5 18. Qd3 a6 19. Rf3 Nac6 20. Ngf5 Nxf5 21.
exf5 Bc8 22. g4 Rde8 23. Raf1 Qh4 24. Rg3 Qd8 25. g5 Kh8 26. Rh3 Qb6 27. Kh1
Ne7 28. Rhf3 Bd7 29. f6 gxf6 30. gxf6 Ng8 31. c4 b4 32. Nf5 Nxf6 33. Rh3 Rg8
34. Rh6 Rg6 35. Bxf7 Bxf5 36. Qxf5 Qf2 37. Qxf6+ Rxf6 38. Rxf2 Re1+ 39. Kg2
Rxh6 40. f5 Kg7 41. Be6 Kf6 42. Rd2 Ke7 43. Bc8 Re5 44. Kg3 a5 45. Kg4 b6 46.
b3 Re4+ 47. Kg5 Reh4 48. Re2+ Kf7 49. Be6+ Kg7 50. f6+ Kf8 51. Bg4 Rxh2 52. Re3
Rg6+ 53. Kf5 Rf2+ 54. Bf3 Rg3 0-1

[Event "32nd Cappelle Open 2016"]
[Site "Cappelle la Grande FRA"]
[Date "2016.02.17"]
[Round "6.3"]
[White "Burmakin, Vladimir"]
[Black "Sasikiran, Krishnan"]
[Result "1/2-1/2"]
[WhiteElo "2556"]
[BlackElo "2632"]
[PlyCount "69"]
[EventDate "2016.02.13"]
[EventType "swiss"]

1. Nf3 g6 2. g3 Bg7 3. Bg2 d5 4. d4 Nf6 5. O-O O-O 6. c4 c6 7. Qb3 dxc4 8. Qxc4
Bf5 9. Nc3 Nbd7 10. Qb3 Qb6 11. Nd2 Be6 12. Qa4 Qd8 13. Qc2 Nd5 14. Nf3 N7b6
15. Rd1 Qc8 16. Bg5 h6 17. Bd2 Nxc3 18. Bxc3 c5 19. Rac1 Rd8 20. b3 Bg4 21. Ba1
cxd4 22. Qe4 Bxf3 23. Bxf3 Qd7 24. Qxb7 Qxb7 25. Bxb7 Rab8 26. Bf3 a5 27. Bc6
Rbc8 28. Kf1 Rd6 29. Bf3 Rxc1 30. Rxc1 a4 31. Bb2 axb3 32. axb3 d3 33. Bxg7
Kxg7 34. Rd1 d2 35. e3 1/2-1/2

[Event "32nd Cappelle Open 2016"]
[Site "Cappelle la Grande FRA"]
[Date "2016.02.17"]
[Round "6.4"]
[White "Iturrizaga Bonelli, Eduardo"]
[Black "Lalith Babu, M R."]
[Result "1-0"]
[WhiteElo "2624"]
[BlackElo "2554"]
[PlyCount "127"]
[EventDate "2016.02.13"]
[EventType "swiss"]

1. c4 c5 2. Nf3 Nf6 3. Nc3 b6 4. e4 d6 5. d4 cxd4 6. Nxd4 Bb7 7. Bd3 g6 8. b3
Bg7 9. Bb2 Nc6 10. Nxc6 Bxc6 11. Qe2 O-O 12. O-O Nd7 13. Rfd1 Nc5 14. Rac1 a6
15. Bb1 Ne6 16. Nd5 Bxd5 17. exd5 Nf4 18. Qd2 Bxb2 19. Qxb2 Qd7 20. Be4 Rac8
21. Bf3 Qf5 22. Qd4 b5 23. g3 Ne6 24. Qe3 Nc5 25. Rd4 Qe5 26. Qd2 Qg7 27. Re1
b4 28. Rxe7 Qf6 29. Re3 Rce8 30. Kg2 a5 31. h4 h5 32. Bd1 Rxe3 33. Qxe3 Kg7 34.
Rd2 Qa1 35. Bc2 Qf6 36. Re2 Rd8 37. f4 Rd7 38. Kh3 Rd8 39. f5 Rd7 40. fxg6 fxg6
41. Rf2 Qe7 42. Qf4 Rd8 43. g4 Rh8 44. Qd4+ Qe5 45. Qxe5+ dxe5 46. g5 Nd7 47.
Kg2 Rb8 48. Kf1 Rb6 49. Ke2 Nc5 50. Ke3 Rd6 51. Rf1 Rb6 52. Kd2 Rd6 53. Re1 Nd7
54. a3 bxa3 55. Ra1 Nc5 56. Rxa3 Ra6 57. Kc3 Kf7 58. Ra1 Ke7 59. Kb2 Kf7 60.
Rf1+ Ke7 61. Kc3 Nd7 62. Re1 Kf7 63. Kb2 Ke7 64. Ka3 1-0

[Event "32nd Cappelle Open 2016"]
[Site "Cappelle la Grande FRA"]
[Date "2016.02.17"]
[Round "6.5"]
[White "Lu, Shanglei"]
[Black "Gurevich, Mikhail"]
[Result "0-1"]
[WhiteElo "2617"]
[BlackElo "2542"]
[PlyCount "116"]
[EventDate "2016.02.13"]
[EventType "swiss"]

1. e4 e6 2. d4 d5 3. Nd2 c5 4. Ngf3 Nc6 5. exd5 exd5 6. Bb5 Qe7+ 7. Qe2 Qxe2+
8. Kxe2 a6 9. Bxc6+ bxc6 10. Re1 f6 11. dxc5 Bxc5 12. Nb3 Bd6 13. Be3 a5 14. a4
Ne7 15. Kf1 Bg4 16. Bc5 Bxc5 17. Nxc5 Bxf3 18. gxf3 Kf7 19. Re6 Ra7 20. Rae1
Rb8 21. b3 Nf5 22. c3 Rc8 23. Kg2 g5 24. f4 g4 25. b4 d4 26. bxa5 Rxa5 27. cxd4
Nxd4 28. Re7+ Kg6 29. Rc1 Nf5 30. Rd7 Re8 31. Rc7 Nd4 32. f5+ Nxf5 33. Rxc6 Ra7
34. Rc4 h5 35. Ne4 Rf8 36. Rb6 Ne7 37. Re6 Nd5 38. Kg3 Rb8 39. Nd2 Rb2 40. Rd4
Ne7 41. Kg2 Nf5 42. Rd3 Nh4+ 43. Kg3 Nf5+ 44. Kg2 Kf7 45. Re4 Ra2 46. Rd5 Ne7
47. Rxh5 Kg6 48. Rh4 Rxd2 49. Rexg4+ Kf5 50. Rf4+ Ke5 51. Re4+ Kd5 52. Re3 Nc6
53. Rf4 Rg7+ 54. Rg3 Rf7 55. h4 Nd4 56. h5 Ne2 57. Rg5+ Kd6 58. Rff5 Ke6 0-1

[Event "32nd Cappelle Open 2016"]
[Site "Cappelle la Grande FRA"]
[Date "2016.02.17"]
[Round "6.6"]
[White "Nevednichy, Vladislav"]
[Black "Gupta, Abhijeet"]
[Result "0-1"]
[WhiteElo "2547"]
[BlackElo "2613"]
[PlyCount "76"]
[EventDate "2016.02.13"]
[EventType "swiss"]

1. e4 e6 2. d4 d5 3. Nd2 c5 4. exd5 Qxd5 5. dxc5 Bxc5 6. Ngf3 Nf6 7. Bc4 Qc6 8.
O-O O-O 9. Qe2 a6 10. a4 Nbd7 11. Nb3 Bd6 12. Nbd4 Qc7 13. a5 Nc5 14. h3 e5 15.
Nb3 Be6 16. Nxc5 Bxc4 17. Qxc4 Bxc5 18. Be3 Rfc8 19. Qxc5 Qxc5 20. Bxc5 Rxc5
21. c3 Rb5 22. Rfe1 Rxb2 23. Nxe5 Rc8 24. Rab1 Rxb1 25. Rxb1 Rc7 26. c4 Kf8 27.
g4 Ne4 28. Rb6 Ke7 29. Nd3 Nd6 30. c5 Nc4 31. Rb4 Nxa5 32. g5 Nc6 33. Rh4 Rd7
34. Nb2 Rd5 35. f4 Rxc5 36. Nd3 Rd5 37. Nf2 a5 38. Rxh7 a4 0-1

[Event "32nd Cappelle Open 2016"]
[Site "Cappelle la Grande FRA"]
[Date "2016.02.17"]
[Round "6.7"]
[White "Krasenkow, Michal"]
[Black "Troff, Kayden W"]
[Result "1/2-1/2"]
[WhiteElo "2612"]
[BlackElo "2511"]
[PlyCount "98"]
[EventDate "2016.02.13"]
[EventType "swiss"]

1. d4 Nf6 2. c4 g6 3. Nc3 d5 4. cxd5 Nxd5 5. e4 Nxc3 6. bxc3 Bg7 7. Bc4 c5 8.
Ne2 O-O 9. O-O Nc6 10. Be3 b6 11. Rc1 Bb7 12. d5 Ne5 13. Bb3 c4 14. Bc2 e6 15.
dxe6 Nd3 16. exf7+ Rxf7 17. Bxd3 Qxd3 18. Ng3 Bxe4 19. Qg4 Bf5 20. Nxf5 gxf5
21. Qg5 h6 22. Qh4 Qe4 23. Qxe4 fxe4 24. Rfd1 Re8 25. Rd6 Rf6 26. Rd4 b5 27.
Rd5 a6 28. a4 bxa4 29. Ra5 Rc6 30. Rxa4 Rd8 31. g4 Rd3 32. Rca1 Bxc3 33. Rxa6
Rxa6 34. Rxa6 Bd2 35. Bxd2 Rxd2 36. Rc6 Rd4 37. Rxh6 e3 38. fxe3 Rxg4+ 39. Kf2
Kg7 40. Rh5 Kg6 41. Rh8 Kg7 42. Re8 Kf7 43. Rh8 Kg7 44. h3 Re4 45. Ra8 Rh4 46.
Kg3 Re4 47. Ra3 Kf6 48. h4 Kg6 49. Ra6+ Kg7 1/2-1/2

[Event "32nd Cappelle Open 2016"]
[Site "Cappelle la Grande FRA"]
[Date "2016.02.17"]
[Round "6.8"]
[White "Vishnu Prasanna, V."]
[Black "Feller, Sebastien"]
[Result "1/2-1/2"]
[WhiteElo "2526"]
[BlackElo "2610"]
[PlyCount "87"]
[EventDate "2016.02.13"]
[EventType "swiss"]

1. e4 e5 2. Nf3 Nc6 3. Bb5 Nf6 4. O-O Nxe4 5. Re1 Nd6 6. Nxe5 Be7 7. Bf1 Nxe5
8. Rxe5 O-O 9. Nc3 Ne8 10. Nd5 Bd6 11. Re1 c6 12. Ne3 Bc7 13. Nf5 d5 14. Ne7+
Kh8 15. Nxc8 Rxc8 16. d3 f5 17. Qf3 Nf6 18. g3 Qd7 19. Bd2 Ng4 20. h3 Ne5 21.
Qd1 Nf7 22. f4 Bb6+ 23. Kg2 Rfe8 24. Qf3 Kg8 25. c3 Rxe1 26. Rxe1 Re8 27. Rxe8+
Qxe8 28. Be2 Qe7 29. Bd1 Qc5 30. Qf1 Qe7 31. Kf3 Nd6 32. Qe1 Qxe1 33. Bxe1 Kf7
34. Bb3 Ke6 35. a3 Bd8 36. Ba2 Bf6 37. Bf2 b6 38. g4 g6 39. Be1 b5 40. Bf2 a6
41. Bb3 Nb7 42. Bd1 Kd6 43. Ke2 Nd8 44. g5 1/2-1/2

[Event "32nd Cappelle Open 2016"]
[Site "Cappelle la Grande FRA"]
[Date "2016.02.17"]
[Round "6.9"]
[White "Neiksans, Arturs"]
[Black "Kveinys, Aloyzas"]
[Result "1/2-1/2"]
[WhiteElo "2607"]
[BlackElo "2524"]
[PlyCount "160"]
[EventDate "2016.02.13"]
[EventType "swiss"]

1. e4 Nf6 2. e5 Nd5 3. d4 d6 4. c4 Nb6 5. exd6 exd6 6. Nc3 Be7 7. Bd3 Nc6 8.
Nge2 O-O 9. b3 Bf6 10. Be3 Re8 11. O-O Bg4 12. Qd2 d5 13. c5 Nc8 14. h3 Bxe2
15. Nxe2 a5 16. a3 N8e7 17. b4 axb4 18. axb4 Qc8 19. b5 Nd8 20. Rxa8 Qxa8 21.
Qc3 g6 22. Nf4 Qc8 23. Ra1 c6 24. Qc2 cxb5 25. Bxb5 Ndc6 26. Ra4 Rd8 27. g4 Qd7
28. Qb3 h5 29. Be2 hxg4 30. hxg4 Qc7 31. Ng2 Na5 32. Qa2 Nac6 33. Qb1 Qd7 34.
Bd1 Rb8 35. Qb5 Qc8 36. Bf3 Ra8 37. Nf4 Rxa4 38. Qxa4 Qd8 39. Kg2 Bg7 40. Ne2
b6 41. Bg5 f6 42. Bf4 bxc5 43. dxc5 Ne5 44. Qb3 Kh7 45. Qb7 g5 46. Bg3 f5 47.
Bxe5 Bxe5 48. gxf5 d4 49. Be4 Kh8 50. Qa6 Ng8 51. Qe6 Qe7 52. Qxe7 Nxe7 53. Ng3
Kg7 54. Kf3 Ng8 55. Ke2 Nf6 56. Bb7 Kf7 57. Kd3 Ke7 58. Bc6 Kd8 59. Ne2 Ng4 60.
Nxd4 Nxf2+ 61. Kc4 g4 62. Bg2 Bh8 63. c6 g3 64. Ne6+ Kc8 65. Kd5 Ng4 66. Ke4
Be5 67. Kf3 Nf6 68. Ke3 Kb8 69. Bf3 Kc8 70. Ke2 Kb8 71. Kf1 Ng8 72. Be4 Nf6 73.
Bd3 Nd5 74. Be4 Nf4 75. Nc5 Kc7 76. Nd7 Bd6 77. f6 Ne6 78. f7 Ng5 79. Nf6 Nxf7
80. Ne8+ Kd8 1/2-1/2

[Event "32nd Cappelle Open 2016"]
[Site "Cappelle la Grande FRA"]
[Date "2016.02.17"]
[Round "6.10"]
[White "Spraggett, Kevin"]
[Black "Zubov, Alexander"]
[Result "1/2-1/2"]
[WhiteElo "2522"]
[BlackElo "2603"]
[PlyCount "62"]
[EventDate "2016.02.13"]
[EventType "swiss"]

1. c4 c5 2. Nc3 Nc6 3. g3 g6 4. Bg2 Bg7 5. a3 d6 6. Rb1 h5 7. h3 Bd7 8. d3 Qc8
9. e3 Rb8 10. Nge2 a6 11. b4 cxb4 12. axb4 b5 13. cxb5 axb5 14. Qd2 Nf6 15. f4
e5 16. e4 O-O 17. Nd1 Re8 18. Nf2 Be6 19. O-O d5 20. fxe5 Nxe5 21. Bb2 Ned7 22.
Rbc1 Qa6 23. e5 Nh7 24. d4 Nb6 25. Nd3 Nc4 26. Qc3 Ng5 27. Nef4 Qc6 28. Nc5 Ne4
29. Nxe4 dxe4 30. Rce1 Qb6 31. Kh2 Rbc8 1/2-1/2

[Event "32nd Cappelle Open 2016"]
[Site "Cappelle la Grande FRA"]
[Date "2016.02.17"]
[Round "6.11"]
[White "Perez Ponsa, Federico"]
[Black "Riff, Jean-Noel"]
[Result "1-0"]
[WhiteElo "2586"]
[BlackElo "2505"]
[PlyCount "89"]
[EventDate "2016.02.13"]
[EventType "swiss"]

1. e4 c5 2. Nf3 e6 3. d4 cxd4 4. Nxd4 Nc6 5. Nc3 d6 6. Be3 Nf6 7. Qd2 Be7 8. f3
O-O 9. O-O-O a6 10. g4 Nd7 11. h4 Nde5 12. Nxc6 bxc6 13. Be2 Rb8 14. f4 Nd7 15.
h5 Qa5 16. h6 g6 17. Kb1 Qb4 18. b3 Bf6 19. Bd4 Bxd4 20. Qxd4 Qxd4 21. Rxd4 d5
22. Rd2 Nc5 23. Bf3 a5 24. Kb2 a4 25. Rd4 axb3 26. axb3 f6 27. Rd2 Rd8 28. Rhd1
Kf7 29. f5 gxf5 30. gxf5 d4 31. Rxd4 Rxd4 32. Rxd4 exf5 33. Rd8 Kg6 34. exf5+
Kxh6 35. Bxc6 Na6 36. Rd6 Bxf5 37. Be4 Bxe4 38. Nxe4 Nc7 39. Nxf6 Kg5 40. Nxh7+
Kf5 41. Rf6+ Ke5 42. Rf1 Rg8 43. Nf6 Rg2 44. Rf2 Rg7 45. Ne8 1-0

[Event "32nd Cappelle Open 2016"]
[Site "Cappelle la Grande FRA"]
[Date "2016.02.17"]
[Round "6.12"]
[White "Miron, Lucian-Costin"]
[Black "Dragun, Kamil"]
[Result "1/2-1/2"]
[WhiteElo "2496"]
[BlackElo "2584"]
[PlyCount "88"]
[EventDate "2016.02.13"]
[EventType "swiss"]

1. e4 c5 2. Nf3 d6 3. d4 cxd4 4. Nxd4 Nf6 5. Nc3 a6 6. g3 e5 7. Nde2 Be7 8. Bg2
O-O 9. O-O b5 10. Nd5 Bb7 11. Nec3 Nbd7 12. Be3 Rc8 13. a4 Nxd5 14. Nxd5 Bxd5
15. Qxd5 Nb6 16. Bxb6 Qxb6 17. axb5 axb5 18. c3 b4 19. cxb4 Qxb4 20. Ra7 Bd8
21. Bh3 Rc2 22. Rb7 Qd4 23. Qxd4 exd4 24. Rd1 Bf6 25. b4 g6 26. b5 Ra8 27. Rb6
Raa2 28. Rxd6 Rxf2 29. Ra1 Rab2 30. Rb1 Bg5 31. Rxb2 Rxb2 32. Bf1 Be3+ 33. Kh1
g5 34. b6 g4 35. h3 h5 36. hxg4 hxg4 37. Ba6 Kg7 38. b7 Bf2 39. Kg2 Be1+ 40.
Kf1 Bxg3 41. Rxd4 Kf6 42. e5+ Bxe5 43. Rxg4 Rb6 44. Ra4 Kg5 1/2-1/2

[Event "32nd Cappelle Open 2016"]
[Site "Cappelle la Grande FRA"]
[Date "2016.02.18"]
[Round "7.3"]
[White "Vorobiov, Evgeny E"]
[Black "Iturrizaga Bonelli, Eduardo"]
[Result "1/2-1/2"]
[WhiteElo "2571"]
[BlackElo "2624"]
[PlyCount "40"]
[EventDate "2016.02.13"]
[EventType "swiss"]

1. d4 Nf6 2. c4 e6 3. Nf3 b6 4. a3 Ba6 5. Qc2 Bb7 6. Nc3 c5 7. e4 cxd4 8. Nxd4
Bc5 9. Nb3 Nc6 10. Bf4 e5 11. Bg5 h6 12. Bh4 O-O 13. f3 a6 14. Nd5 Nd4 15. Nxd4
Bxd5 16. Nb3 Be6 17. Be2 Be7 18. O-O a5 19. a4 Qc7 20. Kh1 Rac8 1/2-1/2

[Event "32nd Cappelle Open 2016"]
[Site "Cappelle la Grande FRA"]
[Date "2016.02.18"]
[Round "7.4"]
[White "Gupta, Abhijeet"]
[Black "Kharitonov, Alexandr"]
[Result "1/2-1/2"]
[WhiteElo "2613"]
[BlackElo "2569"]
[PlyCount "39"]
[EventDate "2016.02.13"]
[EventType "swiss"]

1. d4 Nf6 2. c4 e6 3. Nc3 Bb4 4. e3 O-O 5. Nge2 c6 6. a3 Ba5 7. Ng3 d5 8. Be2
dxc4 9. Bxc4 c5 10. dxc5 Bxc3+ 11. bxc3 Qa5 12. O-O Qxc5 13. Bd3 Nc6 14. Qc2
Ne5 15. a4 Nxd3 16. Qxd3 Qc6 17. c4 e5 18. Bb2 Be6 19. Rfc1 Nd7 20. c5 1/2-1/2

[Event "32nd Cappelle Open 2016"]
[Site "Cappelle la Grande FRA"]
[Date "2016.02.18"]
[Round "7.5"]
[White "Gurevich, Mikhail"]
[Black "Perez Ponsa, Federico"]
[Result "1-0"]
[WhiteElo "2542"]
[BlackElo "2586"]
[PlyCount "87"]
[EventDate "2016.02.13"]
[EventType "swiss"]

1. c4 Nf6 2. Nc3 g6 3. g3 Bg7 4. Bg2 d6 5. d3 c5 6. Rb1 Nc6 7. a3 a5 8. e3 O-O
9. Nge2 Bd7 10. O-O Rb8 11. b3 Qc8 12. Nf4 Nh5 13. Nfd5 Qd8 14. Nb5 Nf6 15. Nf4
Ne8 16. Nd5 Nf6 17. Nxf6+ Bxf6 18. Bb2 Ne5 19. d4 cxd4 20. exd4 Ng4 21. Nc3 Bg7
22. Re1 Nf6 23. a4 Bf5 24. Rc1 h5 25. h3 Re8 26. Qd2 Kh7 27. Rcd1 Qb6 28. Nb5
d5 29. cxd5 Bd7 30. d6 Bxb5 31. axb5 Qxd6 32. Qxa5 Ra8 33. Qc3 Rac8 34. Qf3 Rc2
35. Bc1 b6 36. Bf4 Qb4 37. Bf1 Rc3 38. Bd2 Rxf3 39. Bxb4 Rxb3 40. Bxe7 Ng8 41.
Bc4 Rb2 42. Bxf7 Nxe7 43. Bxe8 Nf5 44. Re6 1-0